Statystyki dla Powiaty na literę J

Kliknij tutaj aby rozwiązać quiz!

Ogólne statystyki

  • Ten quiz został rozwiązany 182 razy
  • Średni wynik to 8 z 9

Statystyki odpowiedzi

WojewództwoPowiat% Poprawnych
wielkopolskiejarociński
88%
śląskieJaworzno
87%
lubelskiejanowski
86%
podkarpackiejarosławski
86%
podkarpackiejasielski
86%
dolnośląskiejaworski
86%
świętokrzyskiejędrzejowski
86%
dolnośląskieJelenia Góra
86%
śląskieJastrzębie-Zdrój
80%

Rozkład punktacji

Percentyl według liczby udzielonych odpowiedzi

Procent ludzi z każdym wynikiem

Twoja historia wyników

Nie rozwiązałeś tego quizu